[Event "Rated Blitz game"]
[Site "?"]
[Date "2021.05.23"]
[Round "?"]
[White "Buchi"]
[Black "annaly1979"]
[Result "1-0"]
[WhiteElo "2438"]
[BlackElo "2407"]
[PlyCount "47"]
[EventDate "2021.??.??"]
[EventType "blitz"]

1. e4 e5 2. Nf3 d5 3. Nxe5 Qe7 4. d4 f6 5. Nf3 dxe4 6. Ng1 f5 7. Bf4 Nf6 8. Nc3
Qf7 9. Nb5 Na6 10. Nh3 h6 11. Be5 Ng4 12. Qd2 g5 13. Bxh8 Bd7 14. f3 exf3 15.
gxf3 Qe7+ 16. Qe2 Ne3 17. Kd2 f4 18. Nc3 O-O-O 19. Re1 Bxh3 20. Bxh3+ Kb8 21.
Qd3 Nb4 22. Qg6 Nbxc2 23. Qxc2 Rxd4+ 24. Bxd4 {Normal} 1-0

[Event "Rated Blitz tournament 2EX4uScP"]
[Site "?"]
[Date "2021.05.23"]
[Round "?"]
[White "Shakh_S"]
[Black "EugenTripolsky"]
[Result "1-0"]
[WhiteElo "2546"]
[BlackElo "2441"]
[PlyCount "31"]
[EventDate "2021.??.??"]
[EventType "blitz"]

1. e4 e5 2. Nf3 d5 3. exd5 e4 4. Qe2 Nf6 5. Nc3 Be7 6. Nxe4 O-O 7. Nxf6+ Bxf6
8. Qd1 Qxd5 9. Be2 Nc6 10. O-O Bg4 11. c3 Rfe8 12. d4 Rad8 13. Be3 Qh5 14. h3
Bxh3 15. Nh2 Qh4 16. gxh3 {Normal} 1-0

[Event "Rated Blitz game"]
[Site "?"]
[Date "2021.05.23"]
[Round "?"]
[White "fr2imperio"]
[Black "khalid_ontawar"]
[Result "1-0"]
[WhiteElo "2403"]
[BlackElo "2455"]
[PlyCount "113"]
[EventDate "2021.??.??"]
[EventType "blitz"]

1. e4 e5 2. Nf3 d5 3. d4 dxe4 4. Nxe5 Be6 5. Nc3 Nf6 6. Bc4 Bxc4 7. Nxc4 Bb4 8.
O-O Bxc3 9. bxc3 O-O 10. Bg5 Nbd7 11. Ne5 Re8 12. Nxd7 Qxd7 13. Bxf6 gxf6 14.
Qh5 Kh8 15. Rae1 f5 16. Re3 Rg8 17. Rh3 Rg7 18. f3 Rag8 19. g3 e3 20. f4 Qe6
21. Re1 Qe4 22. Qe2 Re8 23. Rh4 b6 24. a4 c5 25. dxc5 bxc5 26. Rd1 Qe7 27. Rh5
Qe6 28. Rd3 f6 29. Kg2 c4 30. Rd4 Rd7 31. Kh3 Rxd4 32. cxd4 Qe4 33. c3 Qd3 34.
Rxh7+ Kxh7 35. Qh5+ Kg7 36. Qxe8 Qe4 37. Qxe4 fxe4 38. Kg2 f5 39. h3 Kg6 40. g4
Kf6 41. g5+ Kg6 42. h4 Kh5 43. Kf1 a5 44. Ke2 Kg6 45. Kxe3 Kh5 46. d5 Kg6 47.
h5+ Kxh5 48. d6 Kg4 49. d7 Kg3 50. d8=Q Kg2 51. Qd2+ Kg3 52. Qf2+ Kg4 53. Qg2+
Kh5 54. g6 Kh4 55. g7 Kh5 56. g8=Q Kh4 57. Qh8# {Normal} 1-0

[Event "Rated Blitz game"]
[Site "?"]
[Date "2021.05.23"]
[Round "?"]
[White "ertemsener1"]
[Black "Erow"]
[Result "0-1"]
[WhiteElo "2463"]
[BlackElo "2762"]
[PlyCount "66"]
[EventDate "2021.??.??"]
[EventType "blitz"]

1. e4 e5 2. Nf3 d5 3. Nxe5 Bd6 4. d4 dxe4 5. Nc4 Nf6 6. Nxd6+ Qxd6 7. Nc3 O-O
8. Be2 h6 9. Be3 Nc6 10. Qd2 Bg4 11. Bc4 Na5 12. Bf1 Rfe8 13. h3 Bd7 14. a3 b6
15. b4 Nb7 16. Be2 Nd8 17. d5 c6 18. dxc6 Qxd2+ 19. Kxd2 Nxc6 20. Rad1 Ne5 21.
Bd4 Rad8 22. Kc1 Nc6 23. Bxf6 gxf6 24. Nd5 Kg7 25. c3 Ne5 26. Kb2 Ba4 27. Rd2
Nd3+ 28. Rxd3 exd3 29. Bf3 Bc6 30. Nf4 Bxf3 31. gxf3 d2 32. Rg1+ Kh8 33. Kc2
Re1 {Normal} 0-1

[Event "Rated Blitz game"]
[Site "?"]
[Date "2021.05.23"]
[Round "?"]
[White "Artur_Manvelyan"]
[Black "TheMonsterNotTheNM"]
[Result "0-1"]
[WhiteElo "2411"]
[BlackElo "2406"]
[PlyCount "72"]
[EventDate "2021.??.??"]
[EventType "blitz"]

1. e4 e5 2. Nf3 d5 3. Nxe5 Bd6 4. d4 dxe4 5. Bc4 Bxe5 6. Qh5 Qe7 7. Qxe5 Qxe5
8. dxe5 Nc6 9. Bf4 Nge7 10. Nc3 Ng6 11. Bg3 Ncxe5 12. Bd5 O-O 13. Bxe5 Nxe5 14.
O-O-O e3 15. fxe3 c6 16. Bf3 Be6 17. e4 g5 18. h3 Rad8 19. Rxd8 Rxd8 20. Rf1
Kg7 21. b3 Kg6 22. Ne2 h5 23. Ng3 g4 24. hxg4 hxg4 25. Be2 Rh8 26. Nf5 Rh2 27.
Ne3 Kg5 28. Kd2 Ng6 29. g3 Ne5 30. Rf4 Nf3+ 31. Kd3 Ne5+ 32. Kd4 f6 33. Bd1 b6
34. Kc3 Rh1 35. Be2 Rg1 36. Nf5 Rxg3+ {Normal} 0-1

[Event "Rated Blitz game"]
[Site "?"]
[Date "2021.05.23"]
[Round "?"]
[White "KorabSaraci"]
[Black "TheMonsterNotTheNM"]
[Result "0-1"]
[WhiteElo "2463"]
[BlackElo "2399"]
[PlyCount "144"]
[EventDate "2021.??.??"]
[EventType "blitz"]

1. e4 e5 2. Nf3 d5 3. exd5 e4 4. Qe2 Nf6 5. Nc3 Be7 6. Nxe4 O-O 7. d3 Nxd5 8.
Bd2 f5 9. Nc3 Bf6 10. O-O-O Re8 11. Nxd5 Rxe2 12. Nxf6+ Qxf6 13. Bxe2 Nc6 14.
Rhe1 h6 15. Bc3 Qf7 16. b3 a5 17. d4 Kh7 18. Bc4 Qf8 19. a4 Nb4 20. Re2 Na2+
21. Kb2 Nxc3 22. Kxc3 c6 23. Rde1 b5 24. Bd3 Qb4+ 25. Kb2 bxa4 26. Re8 a3+ 27.
Ka2 Qc3 28. Kxa3 a4 29. Rxc8 Ra5 30. Re5 axb3+ 31. Rxa5 bxc2+ 32. Ka2 Qxa5+ 33.
Kb2 Qc3+ 34. Kxc3 c1=Q+ 35. Kb3 Qd1+ 36. Bc2 Qf1 37. Bxf5+ g6 38. Bh3 Qxf2 39.
Kc4 Qc2+ 40. Kb4 Qb2+ 41. Kc5 Qb5+ 42. Kd6 Qd5+ 43. Kc7 c5 44. dxc5 Qxc5+ 45.
Kd8 Qe3 46. Rc7+ Kg8 47. Re7 Qb6+ 48. Rc7 h5 49. Ne5 g5 50. Kd7 g4 51. Rc6 Qd4+
52. Rd6 Qxe5 53. Bxg4 hxg4 54. Rg6+ Kf7 55. Re6 Qxe6+ 56. Kc7 Kf6 57. h3 Qf5
58. hxg4 Qxg4 59. g3 Qxg3+ 60. Kb7 Qg2+ 61. Ka6 Qf2 62. Kb7 Qf3+ 63. Ka6 Qf4
64. Ka7 Ke5 65. Ka6 Qe4 66. Ka7 Qd4+ 67. Ka8 Qd5+ 68. Kb8 Kd6 69. Ka7 Qc5+ 70.
Ka6 Qc6+ 71. Ka7 Qb5 72. Ka8 Kc7 {Time forfeit} 0-1

[Event "Rated Blitz game"]
[Site "?"]
[Date "2021.05.23"]
[Round "?"]
[White "parciful"]
[Black "TheMonsterNotTheNM"]
[Result "1-0"]
[WhiteElo "2481"]
[BlackElo "2477"]
[PlyCount "53"]
[EventDate "2021.??.??"]
[EventType "blitz"]

1. e4 e5 2. Nf3 d5 3. Nxe5 Bd6 4. d4 dxe4 5. Nc4 Nf6 6. Bg5 Nc6 7. Nc3 Bf5 8.
Qd2 h6 9. Bh4 Bb4 10. d5 Qxd5 11. Bxf6 Qxd2+ 12. Nxd2 gxf6 13. Bb5 O-O-O 14.
Bxc6 bxc6 15. O-O-O Bxc3 16. bxc3 Bg6 17. Rhe1 f5 18. Nb3 Rd6 19. Rd4 Rhd8 20.
Ra4 Kb7 21. Nc5+ Kb6 22. Nb3 c5 23. Rc4 Rd5 24. Kb2 f4 25. Ka3 f5 26. Rb1 e3
27. Nd4+ {Normal} 1-0

[Event "Rated Blitz game"]
[Site "?"]
[Date "2021.05.23"]
[Round "?"]
[White "IlkinRahimli"]
[Black "annaly1979"]
[Result "1-0"]
[WhiteElo "2428"]
[BlackElo "2417"]
[PlyCount "73"]
[EventDate "2021.??.??"]
[EventType "blitz"]

1. e4 e5 2. Nf3 d5 3. exd5 e4 4. Qe2 f5 5. d3 Nf6 6. Nc3 Bb4 7. dxe4 Bxc3+ 8.
bxc3 fxe4 9. Nd2 O-O 10. c4 c6 11. Bb2 cxd5 12. g3 d4 13. Bg2 e3 14. fxe3 dxe3
15. Nf3 Ng4 16. O-O Nc6 17. h3 Nf2 18. Qxe3 Nxh3+ 19. Kh2 Qd7 20. Rad1 Qg4 21.
Ne5 Nxe5 22. Rxf8+ Kxf8 23. Qxe5 Qxd1 24. Ba3+ Kf7 25. Qe7+ Kg6 26. Be4+ Bf5
27. Qe6+ Kh5 28. Qxf5+ Ng5 29. Be7 Qe2+ 30. Kg1 Qe1+ 31. Kh2 Qe2+ 32. Kg1 Qd1+
33. Kh2 Qd2+ 34. Kg1 g6 35. Bf3+ Kh6 36. Bf8+ Rxf8 37. Qxf8# {Normal} 1-0

[Event "Rated Blitz game"]
[Site "?"]
[Date "2021.05.23"]
[Round "?"]
[White "qwl8"]
[Black "TheMonsterNotTheNM"]
[Result "1-0"]
[WhiteElo "2545"]
[BlackElo "2443"]
[PlyCount "84"]
[EventDate "2021.??.??"]
[EventType "blitz"]

1. e4 e5 2. Nf3 d5 3. d3 dxe4 4. dxe4 Qxd1+ 5. Kxd1 Nc6 6. Nc3 Bg4 7. Be2
O-O-O+ 8. Ke1 f5 9. h3 Bxf3 10. Bxf3 Nd4 11. Bd1 f4 12. g3 fxg3 13. fxg3 Nf6
14. Bg5 Bb4 15. Bg4+ Kb8 16. Rc1 Nxe4 17. Bxd8 Rxd8 18. Kf1 Nxg3+ 19. Kg2 Nxh1
20. Kxh1 Bxc3 21. bxc3 Nb5 22. Re1 Re8 23. Bd7 Nd6 24. Bxe8 Nxe8 25. Rxe5 Nd6
26. Re7 b5 27. Rxg7 Ne4 28. Rxh7 Nxc3 29. h4 Nxa2 30. h5 Nb4 31. h6 Nxc2 32.
Rh8+ Kb7 33. h7 b4 34. Rg8 a5 35. h8=Q Kb6 36. Rb8+ Kc5 37. Qe5+ Kc4 38. Qxc7+
Kb3 39. Qxa5 Kc3 40. Rc8+ Kb3 41. Rxc2 Kxc2 42. Qxb4 Kc1 {Normal} 1-0

[Event "Rated Blitz game"]
[Site "?"]
[Date "2021.05.23"]
[Round "?"]
[White "kamal20365"]
[Black "khalid_ontawar"]
[Result "1-0"]
[WhiteElo "2292"]
[BlackElo "2441"]
[PlyCount "145"]
[EventDate "2021.??.??"]
[EventType "blitz"]

1. e4 e5 2. Nf3 d5 3. exd5 e4 4. Qe2 Nf6 5. Nc3 Bf5 6. d3 Bb4 7. Bg5 Bxc3+ 8.
bxc3 O-O 9. Bxf6 exf3 10. Bxd8 fxe2 11. Bxe2 Rxd8 12. c4 Re8 13. Kd2 c6 14. Bf3
cxd5 15. Bxd5 Nc6 16. Bxc6 bxc6 17. Rhe1 Kf8 18. Rxe8+ Rxe8 19. Rb1 f6 20. Rb4
Re7 21. Ra4 Bc8 22. Ra5 Ke8 23. h4 Kd8 24. f3 a6 25. g4 Kc7 26. c5 f5 27. g5 h6
28. Ra4 hxg5 29. hxg5 Re5 30. d4 Re8 31. Rb4 Rh8 32. Ke3 Rh2 33. Rc4 g6 34. Kf4
Be6 35. Rc3 Bxa2 36. Ke5 Rd2 37. Kf6 Rxd4 38. Kxg6 Rc4 39. Ra3 Rxc2 40. Rxa6
Bd5 41. f4 Rxc5 42. Ra7+ Kd6 43. Kf6 Rc4 44. g6 Rxf4 45. g7 Rg4 46. Kxf5 Rxg7
47. Rxg7 c5 48. Kf4 c4 49. Ke3 Kc5 50. Rc7+ Kd6 51. Rh7 Kc5 52. Rh5 Kd6 53. Kd4
Be6 54. Rh6 Ke7 55. Ke5 Bf7 56. Rc6 Kd7 57. Rc5 Bg8 58. Ra5 Ke7 59. Ra7+ Kf8
60. Kf6 Bd5 61. Rd7 Bc6 62. Rd8+ Be8 63. Rc8 c3 64. Rxc3 Kg8 65. Rc8 Kh7 66.
Rxe8 Kh6 67. Rg8 Kh5 68. Rg1 Kh4 69. Kf5 Kh3 70. Kf4 Kh2 71. Rg8 Kh3 72. Rg7
Kh4 73. Rh7# {Normal} 1-0

[Event "Rated Blitz tournament RQiB7xAw"]
[Site "?"]
[Date "2021.05.23"]
[Round "?"]
[White "Davigator"]
[Black "S-Mak"]
[Result "1-0"]
[WhiteElo "2381"]
[BlackElo "2472"]
[PlyCount "57"]
[EventDate "2021.??.??"]
[EventType "blitz"]

1. e4 e5 2. Nf3 d5 3. Nxe5 Bd6 4. d4 dxe4 5. Nc4 Nf6 6. Nc3 O-O 7. Be2 a6 8. a4
Nc6 9. Be3 Be6 10. O-O Bb4 11. Nd2 Nxd4 12. Ndxe4 Nxe2+ 13. Qxe2 Nxe4 14. Nxe4
Qd5 15. f3 Qc6 16. Rfd1 Rfe8 17. c3 Bf8 18. Qf2 h6 19. a5 Bf5 20. Ng3 Bg6 21.
Bd4 f6 22. Re1 Qc4 23. b4 Rad8 24. Rxe8 Rxe8 25. h4 Bf7 26. Nf5 Qd3 27. Ng3 Bd6
28. Rc1 Bxb4 29. cxb4 {Normal} 1-0

[Event "Rated Blitz game"]
[Site "?"]
[Date "2021.05.23"]
[Round "?"]
[White "Neftegor"]
[Black "Winquitter"]
[Result "0-1"]
[WhiteElo "2539"]
[BlackElo "2517"]
[PlyCount "90"]
[EventDate "2021.??.??"]
[EventType "blitz"]

1. e4 e5 2. Nf3 d5 3. exd5 e4 4. Qe2 Be7 5. Qxe4 Nf6 6. Qa4+ c6 7. dxc6 Nxc6 8.
d4 O-O 9. Be2 Re8 10. c3 Bd6 11. Qc2 Nd5 12. O-O Bg4 13. Bd1 Qf6 14. Ng5 Bf5
15. Qb3 Nf4 16. Bxf4 Bxf4 17. Nf3 Qh6 18. g3 Bc1 19. Bc2 Na5 20. Qa4 b5 21.
Qxa5 Bxc2 22. Na3 Be4 23. Rfxc1 Bxf3 24. Qxb5 Re2 25. h4 Qe6 26. Qd3 Bb7 27. d5
Bxd5 28. Nc2 Bb7 29. Nd4 Qd5 30. f3 Rxb2 31. Re1 h6 32. Re3 Rc8 33. Rae1 Qd6
34. Re8+ Rxe8 35. Rxe8+ Qf8 36. Rxf8+ Kxf8 37. Qc4 Rb1+ 38. Kf2 g6 39. Ke3 Kg7
40. Qc7 Re1+ 41. Kd2 Bxf3 42. Ne6+ Rxe6 43. Qf4 Rf6 44. Qe3 Rd6+ 45. Kc2 Bd5 {
Time forfeit} 0-1

[Event "Rated Blitz game"]
[Site "?"]
[Date "2021.05.23"]
[Round "?"]
[White "ZioMario"]
[Black "DarthZannah"]
[Result "1-0"]
[WhiteElo "2504"]
[BlackElo "2510"]
[PlyCount "117"]
[EventDate "2021.??.??"]
[EventType "blitz"]

1. e4 e5 2. Nf3 d5 3. d4 dxe4 4. Nxe5 Nd7 5. Bf4 Ngf6 6. Nc3 Be7 7. Bc4 O-O 8.
O-O Nb6 9. Bb3 Nbd5 10. Nxd5 Nxd5 11. Bg3 Be6 12. c4 Nb6 13. c5 Nd5 14. Qe2 f5
15. f3 f4 16. fxe4 fxg3 17. Rxf8+ Bxf8 18. exd5 gxh2+ 19. Kh1 Bxd5 20. Qf3 c6
21. Rf1 Be7 22. Qh3 Bf6 23. Nd7 Qe7 24. Bxd5+ cxd5 25. Nxf6+ gxf6 26. Qg3+ Kf7
27. Re1 Qd7 28. Qf3 Re8 29. Qh5+ Kf8 30. Qh6+ Kg8 31. Rxe8+ Qxe8 32. Qxf6 Qe4
33. Kxh2 a6 34. b4 Qe2 35. Qg5+ Kf8 36. Qxd5 Qf2 37. Qf3+ Qxf3 38. gxf3 Kf7 39.
d5 Kf6 40. Kg3 Ke5 41. d6 Ke6 42. Kg4 b6 43. f4 a5 44. a3 axb4 45. axb4 bxc5
46. bxc5 Kd7 47. Kg5 Kc6 48. f5 Kxc5 49. d7 Kd6 50. d8=Q+ Ke5 51. Qf6+ Ke4 52.
Qe6+ Kf3 53. f6 h6+ 54. Kg6 h5 55. f7 h4 56. f8=Q+ Kg2 57. Qg4+ Kh1 58. Qf1+
Kh2 59. Qfh3# {Normal} 1-0

[Event "Rated Blitz game"]
[Site "?"]
[Date "2021.05.23"]
[Round "?"]
[White "tontonflingueur"]
[Black "TheMonsterNotTheNM"]
[Result "1-0"]
[WhiteElo "2632"]
[BlackElo "2466"]
[PlyCount "20"]
[EventDate "2021.??.??"]
[EventType "blitz"]

1. e4 e5 2. Nf3 d5 3. d4 dxe4 4. Nxe5 Bd6 5. Bf4 Nf6 6. Bg3 Nc6 7. Nd2 O-O 8.
Ndc4 Bf5 9. Be2 Re8 10. O-O b5 {Normal} 1-0

[Event "Rated Blitz game"]
[Site "?"]
[Date "2021.05.23"]
[Round "?"]
[White "suskica"]
[Black "khalid_ontawar"]
[Result "0-1"]
[WhiteElo "2394"]
[BlackElo "2453"]
[PlyCount "48"]
[EventDate "2021.??.??"]
[EventType "blitz"]

1. e4 e5 2. Nf3 d5 3. Nxe5 Qe7 4. d4 f6 5. Qh5+ g6 6. Nxg6 Qxe4+ 7. Be3 Qxg6 8.
Qxd5 Bd6 9. Nc3 Ne7 10. Qb3 Nbc6 11. O-O-O Bd7 12. Qxb7 O-O 13. Qb3+ Kh8 14.
Bd3 Bf5 15. Bxf5 Qxf5 16. Ne2 Rab8 17. Qa4 Rb4 18. Qa6 Rfb8 19. b3 R4b6 20. Qd3
Qa5 21. a4 Nb4 22. Qe4 Na2+ 23. Kb2 Qxa4 24. Ra1 Rxb3+ {Normal} 0-1

[Event "Rated Blitz game"]
[Site "?"]
[Date "2021.05.23"]
[Round "?"]
[White "Meysonn"]
[Black "TheMonsterNotTheNM"]
[Result "1-0"]
[WhiteElo "2639"]
[BlackElo "2446"]
[PlyCount "63"]
[EventDate "2021.??.??"]
[EventType "blitz"]

1. e4 e5 2. Nf3 d5 3. d3 dxe4 4. dxe4 Qxd1+ 5. Kxd1 Bg4 6. Bd3 Nc6 7. Be3 O-O-O
8. Nbd2 f6 9. a3 Nd4 10. h3 Bh5 11. g4 Nxf3 12. gxh5 Nxd2 13. Kxd2 g5 14. Ke2
a6 15. Rad1 Bd6 16. Bc4 Ne7 17. Be6+ Kb8 18. b4 Nc6 19. c3 h6 20. h4 Rhe8 21.
Bf7 Rf8 22. Be6 Rfe8 23. Bb3 Ne7 24. c4 c6 25. c5 Bc7 26. Kf3 Rxd1 27. Rxd1
gxh4 28. Rh1 f5 29. Bxh6 fxe4+ 30. Kxe4 Nd5 31. Bg7 Nc3+ 32. Kd3 {Normal} 1-0

[Event "Rated Blitz tournament CCcuBfDg"]
[Site "?"]
[Date "2021.05.23"]
[Round "?"]
[White "Saparmyrat"]
[Black "Korshun_2022"]
[Result "1/2-1/2"]
[WhiteElo "2664"]
[BlackElo "2402"]
[PlyCount "79"]
[EventDate "2021.??.??"]
[EventType "blitz"]

1. e4 e5 2. Nf3 d5 3. Nxe5 Bd6 4. d4 dxe4 5. Nc3 Nf6 6. Bc4 O-O 7. O-O Nbd7 8.
Nxd7 Bxd7 9. Bg5 h6 10. Bxf6 Qxf6 11. Nxe4 Bxh2+ 12. Kxh2 Qh4+ 13. Kg1 Qxe4 14.
Re1 Qf4 15. c3 Rae8 16. Qd3 Bf5 17. Qg3 Qxg3 18. fxg3 g6 19. Kf2 Kg7 20. a4 Bd7
21. a5 f5 22. b4 Kf6 23. Rad1 Bc6 24. d5 Bd7 25. d6 c6 26. Bb3 Re5 27. Rxe5
Kxe5 28. c4 b6 29. axb6 axb6 30. c5 bxc5 31. bxc5 Rb8 32. Bf7 Rb2+ 33. Kg1 Kf6
34. Re1 Kxf7 35. Re7+ Kf6 36. Rxd7 Rc2 37. Rc7 Rxc5 38. d7 Rd5 39. Rxc6+ Kg5
40. Rc7 {Normal} 1/2-1/2

[Event "Rated Blitz game"]
[Site "?"]
[Date "2021.05.23"]
[Round "?"]
[White "Aibek_123"]
[Black "AlaEldin"]
[Result "1-0"]
[WhiteElo "2441"]
[BlackElo "2306"]
[PlyCount "43"]
[EventDate "2021.??.??"]
[EventType "blitz"]

1. e4 e5 2. Nf3 d5 3. d4 dxe4 4. Nxe5 Bd6 5. Nc4 Nf6 6. Ne3 O-O 7. Be2 Nc6 8.
c3 a6 9. Nd2 b5 10. a4 b4 11. a5 Bb7 12. Ndc4 Bf4 13. O-O Ne7 14. Qb3 Rb8 15.
Qxb4 Ned5 16. Nxd5 Nxd5 17. Qc5 Qg5 18. Bxf4 Nxf4 19. Qxg5 Nxe2+ 20. Kh1 h6 21.
Qe3 Bd5 22. Qxe2 {Normal} 1-0

[Event "Rated Blitz game"]
[Site "?"]
[Date "2021.05.23"]
[Round "?"]
[White "arrubarena77"]
[Black "TheMonsterNotTheNM"]
[Result "1-0"]
[WhiteElo "2496"]
[BlackElo "2486"]
[PlyCount "71"]
[EventDate "2021.??.??"]
[EventType "blitz"]

1. e4 e5 2. Nf3 d5 3. d4 dxe4 4. Nxe5 Bd6 5. Nc4 Nc6 6. Nc3 Bf5 7. h3 h6 8. Be3
Be7 9. d5 Nb4 10. g4 Bg6 11. a3 Na6 12. Qd2 Nf6 13. Bg2 O-O 14. O-O-O b5 15.
Nxb5 Rb8 16. Nxa7 Qd7 17. Nc6 Bd6 18. N4e5 Qe8 19. Nxg6 fxg6 20. c4 Nc5 21.
Bxc5 Bxc5 22. b4 e3 23. Qd3 Bd6 24. Qxe3 Ra8 25. Kb2 Qf7 26. Qe6 Nd7 27. Qxf7+
Rxf7 28. Rd2 Ne5 29. Nxe5 Bxe5+ 30. Kb3 Rf4 31. d6 Raf8 32. d7 Bd6 33. c5 Be7
34. Re1 Bd8 35. Re8 Kf7 36. Bd5+ {Normal} 1-0

[Event "Rated Blitz game"]
[Site "?"]
[Date "2021.05.23"]
[Round "?"]
[White "Lmtrdvp"]
[Black "GoughPhar"]
[Result "1-0"]
[WhiteElo "2415"]
[BlackElo "2416"]
[PlyCount "149"]
[EventDate "2021.??.??"]
[EventType "blitz"]

1. e4 e5 2. Nf3 d5 3. d4 dxe4 4. Nxe5 Bd6 5. Nc4 Nf6 6. Nxd6+ Qxd6 7. c4 Nc6 8.
Be3 Ng4 9. Nc3 Nxe3 10. fxe3 O-O 11. Be2 f5 12. g3 Qh6 13. Qd2 Be6 14. O-O-O
Rfd8 15. Rdf1 a5 16. Rf4 Ne5 17. d5 c6 18. Qd4 Ng6 19. Rf2 Rac8 20. d6 c5 21.
Qd2 Rc6 22. Nb5 Ne5 23. Qc3 Qf6 24. Rd1 a4 25. h3 a3 26. b3 Nd3+ 27. Bxd3 Qxc3+
28. Nxc3 exd3 29. Rxd3 Rcxd6 30. Rxd6 Rxd6 31. Rd2 Rxd2 32. Kxd2 f4 33. exf4
Bxh3 34. Na4 Bf5 35. Nxc5 Bb1 36. Kc1 Bxa2 37. Kc2 Kf7 38. Nxb7 Kf6 39. Nd6 h5
40. Ne4+ Kf5 41. Nc3 Kg4 42. Nxa2 Kxg3 43. c5 h4 44. c6 h3 45. c7 h2 46. c8=Q
h1=Q 47. Qc3+ Kxf4 48. Qd4+ Kf5 49. Qc5+ Ke6 50. Qxa3 Qg2+ 51. Kb1 Qf3 52. Nc1
g5 53. Qa6+ Kd7 54. Qd3+ Qxd3+ 55. Nxd3 g4 56. Ne5+ Kd6 57. Nxg4 Kc5 58. Kc2
Kb4 59. Kb2 Kb5 60. Kc3 Kc5 61. b4+ Kb5 62. Kb3 Kb6 63. Kc4 Kc6 64. b5+ Kb6 65.
Kb4 Kb7 66. Kc5 Kc7 67. b6+ Kb7 68. Kb5 Kb8 69. Kc6 Kc8 70. b7+ Kb8 71. Ne5 Ka7
72. Kc7 Ka6 73. b8=Q Ka5 74. Qb3 Ka6 75. Qa4# {Normal} 1-0

[Event "Rated Blitz game"]
[Site "?"]
[Date "2021.05.23"]
[Round "?"]
[White "ElhachaGM"]
[Black "TheMonsterNotTheNM"]
[Result "1-0"]
[WhiteElo "2670"]
[BlackElo "2455"]
[PlyCount "77"]
[EventDate "2021.??.??"]
[EventType "blitz"]

1. e4 e5 2. Nf3 d5 3. exd5 e4 4. Qe2 Nf6 5. Nc3 Be7 6. Nxe4 O-O 7. Nxf6+ Bxf6
8. d4 Qxd5 9. Be3 c5 10. c3 Nc6 11. dxc5 Bg4 12. h3 Bf5 13. Qc4 Qd7 14. Be2
Rfe8 15. O-O Bxh3 16. gxh3 Qxh3 17. Qf4 Rxe3 18. fxe3 Re8 19. Rf2 Ne5 20. Rh2
Qc8 21. Rd1 Qxc5 22. Kh1 Ng6 23. Qa4 Rxe3 24. Qb5 Qe7 25. Qd7 Qf8 26. Qxb7 Nf4
27. Rd2 h6 28. Qb4 Qxb4 29. cxb4 g6 30. Bd1 Kg7 31. b5 g5 32. Rhf2 g4 33. Ng1
Bg5 34. Rd4 Nh3 35. Rg2 h5 36. a4 Nf4 37. Rf2 Ng6 38. a5 Re1 39. Rd3 {Time
forfeit} 1-0

[Event "Rated Blitz game"]
[Site "?"]
[Date "2021.05.23"]
[Round "?"]
[White "Furzmeister"]
[Black "ieks"]
[Result "1-0"]
[WhiteElo "2292"]
[BlackElo "2456"]
[PlyCount "71"]
[EventDate "2021.??.??"]
[EventType "blitz"]

1. e4 e5 2. Nf3 d5 3. exd5 Bd6 4. Nc3 f5 5. d4 e4 6. Ne5 Nf6 7. Be2 O-O 8. O-O
Nbd7 9. f4 Nb6 10. h3 Nbxd5 11. Nxd5 Nxd5 12. c4 Nf6 13. Qb3 c5 14. d5 b6 15.
Bd2 Bd7 16. Qc2 Rc8 17. Bc3 a6 18. a4 Qe8 19. b3 b5 20. axb5 axb5 21. Ra6 Bb8
22. Rfa1 b4 23. Bb2 e3 24. Qd3 Ne4 25. Qxe3 Bxe5 26. fxe5 Rc7 27. Bf3 Nc3 28.
Bxc3 bxc3 29. Qxc3 Bc8 30. Ra8 Re7 31. e6 Qg6 32. Qe3 f4 33. Qxc5 Ree8 34. e7
Rf7 35. Rxc8 Rxc8 36. Qxc8+ {Normal} 1-0

[Event "Rated Blitz game"]
[Site "?"]
[Date "2021.05.23"]
[Round "?"]
[White "iakov98"]
[Black "TheMonsterNotTheNM"]
[Result "1-0"]
[WhiteElo "2599"]
[BlackElo "2439"]
[PlyCount "117"]
[EventDate "2021.??.??"]
[EventType "blitz"]

1. e4 e5 2. Nf3 d5 3. exd5 e4 4. Qe2 Nf6 5. d3 Be7 6. dxe4 O-O 7. Nc3 c6 8. Bg5
Nxd5 9. Bxe7 Nxe7 10. Qd2 Qb6 11. O-O-O Nd7 12. Bc4 Nc5 13. Qg5 Be6 14. Bxe6
Nxe6 15. Qxe7 c5 16. Nd5 Qa5 17. Kb1 b5 18. Ne5 Rae8 19. Qh4 b4 20. Ng4 f5 21.
exf5 Rxf5 22. Rhe1 c4 23. Ne7+ Kf7 24. Nxf5 Qxf5 25. Re5 Qg6 26. Qg3 b3 27.
axb3 cxb3 28. Qf3+ Kg8 29. Qf5 bxc2+ 30. Kxc2 Rc8+ 31. Kb1 Re8 32. Qxg6 hxg6
33. Rde1 Kf7 34. Rxe6 Rxe6 35. Rxe6 Kxe6 36. f3 Kf5 37. Kc2 Kf4 38. Kd3 g5 39.
Kd4 Kf5 40. Ke3 g6 41. g3 Ke6 42. Ke4 Kf7 43. h4 Kg7 44. hxg5 Kf7 45. Ke5 Kg7
46. Ke6 Kg8 47. Kf6 Kh8 48. Kxg6 a5 49. Nh6 a4 50. f4 a3 51. Nf7+ Kg8 52. bxa3
Kf8 53. f5 Kg8 54. f6 Kf8 55. Ne5 Kg8 56. Nd7 Kh8 57. g4 Kg8 58. f7+ Kh8 59.
f8=Q# {Normal} 1-0

[Event "Rated Blitz game"]
[Site "?"]
[Date "2021.05.23"]
[Round "?"]
[White "weeza"]
[Black "annaly1979"]
[Result "1/2-1/2"]
[WhiteElo "2418"]
[BlackElo "2406"]
[PlyCount "147"]
[EventDate "2021.??.??"]
[EventType "blitz"]

1. e4 e5 2. Nf3 d5 3. exd5 e4 4. Ng1 f5 5. c4 Nf6 6. d3 c6 7. dxe4 fxe4 8. Nc3
Bb4 9. Bg5 Bf5 10. Bxf6 Qxf6 11. Qb3 Na6 12. a3 Bxc3+ 13. Qxc3 Qxc3+ 14. bxc3
Nc5 15. O-O-O O-O 16. f3 Rae8 17. Kb2 e3 18. Be2 a5 19. g4 Bg6 20. h4 h6 21.
Nh3 Na4+ 22. Kb3 Nc5+ 23. Kb2 Rb8 24. d6 b5 25. cxb5 cxb5 26. h5 Bf7 27. g5 Bc4
28. Rhe1 Bxe2 29. Rxe2 Rxf3 30. Ng1 Rf2 31. Rxf2 exf2 32. Ne2 hxg5 33. Rf1 Rd8
34. Kc2 Ne4 35. Kd3 Nxd6 36. Rxf2 Nc4+ 37. Kc2 Rd2+ 38. Kc1 Kh7 39. Rg2 Ra2 40.
Kb1 Rxa3 41. Rxg5 Rb3+ 42. Kc2 Rb2+ 43. Kd3 Rd2+ 44. Ke4 Rxe2+ 45. Kd3 Re3+ 46.
Kd4 Rh3 47. Rxb5 Rh4+ 48. Kd3 Kh6 49. Rc5 Nb2+ 50. Kc2 Rh2+ 51. Kb3 a4+ 52. Ka3
Nd1 53. Kxa4 Rb2 54. Ka3 Rb1 55. c4 Nc3 56. Rc6+ Kxh5 57. c5 g5 58. Rc8 Nd5 59.
c6 Rc1 60. Ka4 g4 61. Kb5 g3 62. Rd8 g2 63. Rxd5+ Kg4 64. Rd8 Kf3 65. Rg8 Rb1+
66. Kc5 Rc1+ 67. Kb5 Rh1 68. c7 Rc1 69. Kb6 Rb1+ 70. Kc6 Kf2 71. Rxg2+ Kxg2 72.
c8=Q Rc1+ 73. Kd7 Rxc8 74. Kxc8 {Normal} 1/2-1/2

[Event "Rated Blitz game"]
[Site "?"]
[Date "2021.05.23"]
[Round "?"]
[White "adrianrdosina"]
[Black "annaly1979"]
[Result "0-1"]
[WhiteElo "2318"]
[BlackElo "2404"]
[PlyCount "48"]
[EventDate "2021.??.??"]
[EventType "blitz"]

1. e4 e5 2. Nf3 d5 3. Nxe5 Qe7 4. d4 f6 5. Nd3 Nc6 6. Be3 dxe4 7. Nf4 f5 8. Nc3
Nf6 9. Bc4 Qd8 10. a3 Bd6 11. Nfd5 Bd7 12. Qd2 a6 13. h3 Ne7 14. Nxf6+ gxf6 15.
g4 fxg4 16. Nxe4 Ng6 17. Nxd6+ cxd6 18. O-O-O gxh3 19. Rde1 Qc7 20. Bg5+ Ne5
21. dxe5 fxe5 22. Qd5 Rf8 23. Bh6 Rf6 24. Bg5 Be6 {Normal} 0-1

[Event "Rated Blitz game"]
[Site "?"]
[Date "2021.05.23"]
[Round "?"]
[White "mollusque01"]
[Black "annaly1979"]
[Result "1-0"]
[WhiteElo "2425"]
[BlackElo "2381"]
[PlyCount "83"]
[EventDate "2021.??.??"]
[EventType "blitz"]

1. e4 e5 2. Nf3 d5 3. Nxe5 Qe7 4. d4 f6 5. Nf3 dxe4 6. Nfd2 f5 7. c4 Nf6 8. Nc3
Nc6 9. Nb3 Qf7 10. Bf4 Bd6 11. Bxd6 cxd6 12. Be2 O-O 13. O-O Bd7 14. f3 e3 15.
f4 Rae8 16. Qd3 Re7 17. Rae1 Rfe8 18. Bf3 Nb4 19. Qb1 Ng4 20. a3 Nc6 21. Nd5
Re6 22. Nc7 e2 23. Bxe2 Rxe2 24. Nxe8 Rxe1 25. Rxe1 Bxe8 26. d5 Ne7 27. Nd4 Nf6
28. Nxf5 Ng6 29. Nxd6 Qd7 30. Nxe8 Nxe8 31. Qe4 Kf7 32. f5 Nf8 33. c5 Nf6 34.
Qe6+ Qxe6 35. fxe6+ Ke7 36. d6+ Ke8 37. b4 a6 38. a4 Nd5 39. b5 Nc3 40. c6 bxc6
41. bxc6 Nd5 42. c7 {Normal} 1-0